000 01196nam a2200301Ia 4500
001 ebr10279132
003 CaPaEBR
006 m u
007 cr cn|||||||||
008 971029s1999 nyua sb 001 0 eng d
010 _z 97039272
020 _z9780195122749
020 _z0195122747 (alk. paper)
040 _aCaPaEBR
_cCaPaEBR
035 _a(OCoLC)646800478
050 1 4 _aHB849.415
_b.H37 1999eb
100 1 _aHardin, Garrett James,
_d1915-2003.
245 1 4 _aThe ostrich factor
_h[electronic resource] :
_bour population myopia /
_cGarrett Hardin.
260 _aNew York :
_bOxford University Press,
_c1999.
300 _aviii, 168 p. :
_bill.
504 _aIncludes bibliographical references (p. [155]-163) and index.
533 _aElectronic reproduction.
_bPalo Alto, Calif. :
_cebrary,
_d2009.
_nAvailable via World Wide Web.
_nAccess may be limited to ebrary affiliated libraries.
650 0 _aPopulation
_xEnvironmental aspects.
650 0 _aQuality of life.
655 7 _aElectronic books.
_2local
710 2 _aebrary, Inc.
856 4 0 _uhttp://site.ebrary.com/lib/rucke/Doc?id=10279132
_zAn electronic book accessible through the World Wide Web; click to view
999 _c4454
_d4454